Abecedný predmetový register Rubrikátora Medzinárodného systému vedeckých a technických informácií

Bibliographic Details
Main Author: Ehnová, Marta, 1944- (Author)
Format: Article
Language:Slovak
Subjects:

MARC

LEADER 00000nab a2200000 a 4500
001 vtls000155648
003 SK-MaSNL
005 20260302202610.0
008 111104c1983 xo 0 slo
015 |a SNBRB19rr/mm-uuuuu 
035 |a CL0165755 
040 |a SNKBUCL  |b slo  |c SNKBUCL  |e AACR2 
041 0 |a slo 
044 |a xo  |c SK 
080 |a 002.61:3(100-11)  |2 1981 
080 |a 3(100-11)  |2 1981 
080 |a 681.3  |2 1981 
080 |a 002.61  |2 1981 
100 1 |a Ehnová, Marta,  |d 1944-  |4 aut  |9 115211 
245 1 0 |a Abecedný predmetový register Rubrikátora Medzinárodného systému vedeckých a technických informácií  |c Marta Ehnová 
650 0 7 |a MISON  |2 snkbucl  |9 922900 
650 0 7 |a rubrikátory  |2 snkbucl  |9 922290 
650 0 7 |a systémy informačné automatizované  |2 snkbucl  |9 287130 
650 0 7 |a registre predmetové  |2 snkbucl  |9 924570 
655 7 |a články z novín a časopisov  |2 snkbucl  |9 267496 
655 7 |a články z odboru knihovníctvo  |2 snkbucl  |9 166141 
773 0 |t Spravodajca SlTK  |g Č. 1 (1983), s. 9-10 
850 |a Slovenská národná knižnica v Martine  |a MTA001 
852 |a SNK  |b KIS3GCP 
958 |a RK 
958 |a KL 
992 |a RBX 
999 |c 1465639  |d 1467569